| 000 | 00846cam a2200241 a 4500 | ||
|---|---|---|---|
| 999 |
_c37631 _d37631 |
||
| 001 | 14529066 | ||
| 005 | 20221114124910.0 | ||
| 008 | 060831s2007 enka bb 001 0 eng | ||
| 020 | _a0716774771x | ||
| 041 | _aeng | ||
| 080 | _a159.9.07 H-71 | ||
| 100 | 1 |
_aHockenbury, Don H. _92804 |
|
| 245 | 1 | 0 |
_aDiscovering psychology / _cDon H. Hockenbury, Sandra E. Hockenbury. |
| 260 |
_aNew York : _bWorth Publishers, _cc2007. |
||
| 300 |
_axlii, 587 p., [121] : _bill. (some col.) ; _c28 cm. |
||
| 504 | _aIncludes bibliographical references (p. R-1-R-57) and indexes. | ||
| 650 | 0 |
_aPsychology _vTextbooks. _92805 |
|
| 653 | _aფსიქოლოგია | ||
| 700 | 1 |
_aHockenbury, Sandra E. _92806 |
|
| 906 |
_a7 _bcbc _corigcop _d2 _encip _f20 _gy-gencatlg |
||
| 942 |
_2udc _cBK |
||
| 955 |
_apv06 2006-08-31 z-processor to SSCD _ish07 2006-09-12 |
||